Sustainable Operations and Closed-Loop Supply Chains
Ebook from IG Library ; This book was written for any company or organization that needs detailed guidance on the journey towards sustainability, starting from zero. And if your firm wants to be sustainable, you know you have to consider the triple bottom line when making decisions: economic (profit...
Enregistré dans:
| Auteur principal: | |
|---|---|
| Autres auteurs: | |
| Format: | Livre |
| Langue: | Undetermined |
| Publié: |
Business Expert Press
2012
|
| Sujets: | |
| Accès en ligne: | http://lrc.tdmu.edu.vn/opac/search/detail.asp?aID=2&ID=38342 |
| Tags: |
Ajouter un tag
Pas de tags, Soyez le premier à ajouter un tag!
|
| Thư viện lưu trữ: | Trung tâm Học liệu Trường Đại học Thủ Dầu Một |
|---|
| LEADER | 01134nam a2200193Ia 4500 | ||
|---|---|---|---|
| 001 | TDMU_38342 | ||
| 008 | 210410s9999 xx 000 0 und d | ||
| 082 | |a 895.92209 | ||
| 100 | |a Souza, Gilvan C | ||
| 245 | 0 | |a Sustainable Operations and Closed-Loop Supply Chains | |
| 245 | 0 | |c Gilvan C. Souza | |
| 260 | |b Business Expert Press | ||
| 260 | |c 2012 | ||
| 300 | |a 158Pages | ||
| 520 | |a Ebook from IG Library ; This book was written for any company or organization that needs detailed guidance on the journey towards sustainability, starting from zero. And if your firm wants to be sustainable, you know you have to consider the triple bottom line when making decisions: economic (profit), environmental (planet), and social (people). By focusing on the triple bottom line (3Ps), your firm can be assured of a steady supply of inputs such as raw materials and labor. | ||
| 650 | |a Supply and Operations Management; Quản trị chuỗi cung ứng | ||
| 700 | |a Kloppenborg, Timothy J | ||
| 856 | |u http://lrc.tdmu.edu.vn/opac/search/detail.asp?aID=2&ID=38342 | ||
| 980 | |a Trung tâm Học liệu Trường Đại học Thủ Dầu Một | ||